[Event "Deutsche Ländermeisterschaft 2019"]
[Site "Würzburg GER"]
[Date "2019.10.05"]
[Round "6"]
[White "Brunner, Sophia"]
[Black "Schwartz, Oliver"]
[Result "1/2-1/2"]
[Termination "normal"]
[Board "5.6"]
[WhiteElo "1968"]
[BlackElo "1650"]
[WhiteClock "00:08:05"]
[BlackClock "00:04:09"]
[WhiteTeam "Niedersachsen"]
[BlackTeam "Württemberg"]
[PlyCount "157"]
[WhiteFideId "12960683"]
[BlackFideId "16207459"]
[EventCountry "GER"]
[EventRounds "7"]
[EventType "team-swiss"]
[EventDate "2019.10.01"]

1. d4 {[%clk 1:30:58]} Nf6 {[%clk 1:30:53]} 2. Nf3 {[%clk 1:31:22]} b6 {[%clk
1:31:14]} 3. c4 {[%clk 1:29:57]} Bb7 {[%clk 1:28:56]} 4. Nc3 {[%clk 1:29:59]}
e6 {[%clk 1:28:57]} 5. Bg5 {[%clk 1:21:24]} d5 {[%clk 1:25:19]} 6. e3 {[%clk
1:21:31]} Be7 {[%clk 1:19:03]} 7. Bd3 {[%clk 1:18:46]} c5 {[%clk 1:14:01]} 8.
dxc5 {[%clk 1:13:42]} bxc5 {[%clk 1:11:30]} 9. cxd5 {[%clk 1:09:17]} Nxd5
{[%clk 1:06:01]} 10. Bxe7 Qxe7 {[%clk 1:05:14]} 11. Bb5+ {[%clk 1:05:52]} Nd7
{[%clk 1:05:21]} 12. Ne5 {[%clk 1:01:43]} N5b6 {[%clk 1:04:31]} 13. Bxd7+
{[%clk 0:51:30]} Nxd7 {[%clk 1:04:52]} 14. Qxd7+ {[%clk 0:51:51]} Qxd7 {[%clk
1:05:13]} 15. Nxd7 {[%clk 0:52:13]} Kxd7 {[%clk 1:05:39]} 16. O-O-O+ {[%clk
0:51:31]} Ke7 {[%clk 1:03:25]} 17. f3 {[%clk 0:51:55]} Bc6 {[%clk 0:48:40]} 18.
Rd2 {[%clk 0:51:56]} Rhc8 {[%clk 0:47:25]} 19. Rhd1 {[%clk 0:52:00]} Rab8
{[%clk 0:43:46]} 20. e4 {[%clk 0:46:12]} Rb4 {[%clk 0:41:10]} 21. Rd6 {[%clk
0:43:40]} h6 {[%clk 0:34:12]} 22. a3 {[%clk 0:37:19]} Rb7 {[%clk 0:32:44]} 23.
R1d2 {[%clk 0:33:35]} Rb6 {[%clk 0:25:16]} 24. e5 {[%clk 0:29:42]} Rb3 {[%clk
0:23:45]} 25. Kc2 {[%clk 0:29:28]} Rb6 {[%clk 0:23:22]} 26. Kc1 {[%clk
0:21:21]} Rb3 {[%clk 0:22:48]} 27. Ne2 {[%clk 0:21:22]} Re3 {[%clk 0:21:08]}
28. f4 {[%clk 0:20:23]} Rc7 {[%clk 0:17:48]} 29. g3 {[%clk 0:18:05]} Bd5 {[%clk
0:15:24]} 30. Nc3 {[%clk 0:16:57]} Bb3 {[%clk 0:14:58]} 31. Re2 {[%clk
0:15:52]} Rf3 {[%clk 0:14:37]} 32. Re1 {[%clk 0:14:24]} Rf2 {[%clk 0:13:05]}
33. Rd2 {[%clk 0:14:40]} Rf3 {[%clk 0:12:19]} 34. Nb5 {[%clk 0:11:08]} Rb7
{[%clk 0:10:13]} 35. Nd6 {[%clk 0:11:24]} Rc7 {[%clk 0:10:25]} 36. Nb5 {[%clk
0:08:49]} Rb7 {[%clk 0:10:33]} 37. Nd6 {[%clk 0:07:26]} Rc7 {[%clk 0:09:47]}
38. Ne4 {[%clk 0:06:33]} Bd5 {[%clk 0:08:23]} 39. Nc3 {[%clk 0:05:48]} Bb3
{[%clk 0:08:02]} 40. Rde2 {[%clk 0:03:28]} Rd3 {[%clk 0:05:44]} 41. Rd2 {[%clk
0:02:41]} Rf3 {[%clk 0:04:36]} 42. Nd1 {[%clk 0:27:13]} c4 {[%clk 0:32:26]} 43.
Nc3 {[%clk 0:27:06]} Rc8 {[%clk 0:23:06]} 44. Nb5 {[%clk 0:25:52]} Rc5 {[%clk
0:21:05]} 45. Nd4 {[%clk 0:23:46]} c3 {[%clk 0:16:19]} 46. Nxf3 {[%clk
0:21:08]} cxd2+ {[%clk 0:16:41]} 47. Kxd2 {[%clk 0:21:33]} Rc2+ {[%clk
0:16:19]} 48. Kd3 {[%clk 0:21:22]} Rxb2 {[%clk 0:15:09]} 49. Kc3 {[%clk
0:20:43]} Rf2 {[%clk 0:15:32]} 50. Kxb3 {[%clk 0:20:52]} Rxf3+ {[%clk 0:15:55]}
51. Kb4 {[%clk 0:21:00]} Rf2 {[%clk 0:13:33]} 52. Kb5 {[%clk 0:18:15]} Rxh2
{[%clk 0:12:28]} 53. Ka6 {[%clk 0:18:22]} Ra2 {[%clk 0:12:21]} 54. Re3 {[%clk
0:18:43]} Kd7 {[%clk 0:10:40]} 55. Rc3 {[%clk 0:18:33]} g5 {[%clk 0:09:53]} 56.
fxg5 {[%clk 0:15:05]} hxg5 {[%clk 0:10:18]} 57. Kxa7 {[%clk 0:13:06]} Re2
{[%clk 0:09:36]} 58. Kb6 {[%clk 0:11:13]} Rxe5 {[%clk 0:09:53]} 59. a4 {[%clk
0:11:26]} Re1 {[%clk 0:09:38]} 60. Rd3+ {[%clk 0:10:54]} Ke7 {[%clk 0:09:40]}
61. a5 {[%clk 0:11:12]} Rb1+ {[%clk 0:09:58]} 62. Kc6 {[%clk 0:11:13]} Ra1
{[%clk 0:09:50]} 63. Kb6 {[%clk 0:11:34]} Rb1+ {[%clk 0:09:33]} 64. Kc6 {[%clk
0:11:53]} Ra1 {[%clk 0:08:09]} 65. Kb6 {[%clk 0:12:18]} f5 {[%clk 0:08:36]} 66.
a6 {[%clk 0:09:15]} f4 {[%clk 0:10:36]} 67. gxf4 {[%clk 0:09:37]} gxf4 {[%clk
0:11:02]} 68. Kb7 {[%clk 0:08:55]} Rb1+ {[%clk 0:10:35]} 69. Kc6 {[%clk
0:09:12]} Ra1 {[%clk 0:10:29]} 70. Kb7 {[%clk 0:09:23]} Kf6 {[%clk 0:07:30]}
71. a7 {[%clk 0:08:13]} Kf5 {[%clk 0:04:44]} 72. Rd6 {[%clk 0:07:30]} Rxa7+
{[%clk 0:03:03]} 73. Kxa7 {[%clk 0:07:55]} f3 {[%clk 0:03:29]} 74. Kb6 {[%clk
0:07:50]} e5 {[%clk 0:03:01]} 75. Kc5 {[%clk 0:07:30]} f2 {[%clk 0:03:15]} 76.
Rd8 {[%clk 0:07:28]} Ke4 {[%clk 0:03:31]} 77. Rf8 {[%clk 0:07:40]} Ke3 {[%clk
0:03:55]} 78. Kd5 {[%clk 0:08:05]} Ke2 {[%clk 0:04:09]} 79. Kd4 1/2-1/2

[Event "Deutsche Ländermeisterschaft 2019"]
[Site "Würzburg GER"]
[Date "2019.10.05"]
[Round "6"]
[White "Tiarks, Jann-Christian"]
[Black "Nothnagel, Marian Can"]
[Result "0-1"]
[Termination "normal"]
[Board "6.1"]
[WhiteTitle "CM"]
[BlackTitle "FM"]
[WhiteElo "2180"]
[BlackElo "2376"]
[WhiteClock "00:16:23"]
[BlackClock "00:38:14"]
[WhiteTeam "SG Brandenburg / Berlin"]
[BlackTeam "Hessen"]
[PlyCount "90"]
[WhiteFideId "12951595"]
[BlackFideId "12921530"]
[EventCountry "GER"]
[EventRounds "7"]
[EventType "team-swiss"]
[EventDate "2019.10.01"]

1. e4 {[%clk 1:30:56]} e5 {[%clk 1:30:57]} 2. Nf3 {[%clk 1:31:18]} d6 {[%clk
1:31:25]} 3. d4 {[%clk 1:31:38]} exd4 {[%clk 1:31:52]} 4. Nxd4 {[%clk 1:32:00]}
Nf6 {[%clk 1:32:20]} 5. Nc3 {[%clk 1:32:21]} Be7 {[%clk 1:32:48]} 6. g3 {[%clk
1:32:45]} Nc6 {[%clk 1:33:15]} 7. Bg2 {[%clk 1:33:09]} O-O {[%clk 1:33:42]} 8.
O-O {[%clk 1:33:31]} Bg4 {[%clk 1:34:10]} 9. f3 {[%clk 1:33:54]} Nxd4 {[%clk
1:33:30]} 10. Qxd4 {[%clk 1:34:16]} Be6 {[%clk 1:33:57]} 11. Be3 {[%clk
1:30:45]} c5 {[%clk 1:32:41]} 12. Qd2 {[%clk 1:29:53]} b5 {[%clk 1:32:40]} 13.
Nd5 {[%clk 1:22:12]} Bxd5 {[%clk 1:27:08]} 14. exd5 {[%clk 1:22:15]} Nd7 {[%clk
1:27:28]} 15. a4 {[%clk 1:03:18]} b4 {[%clk 1:27:08]} 16. b3 {[%clk 0:58:04]}
Bf6 {[%clk 1:24:22]} 17. Rad1 {[%clk 0:58:04]} Re8 {[%clk 1:18:02]} 18. f4
{[%clk 0:53:11]} Qe7 {[%clk 1:06:15]} 19. Bf2 {[%clk 0:52:19]} Bc3 {[%clk
1:06:22]} 20. Qd3 {[%clk 0:52:25]} Nf6 {[%clk 1:06:18]} 21. h3 {[%clk 0:51:33]}
Ne4 {[%clk 1:03:46]} 22. Bf3 {[%clk 0:41:44]} Nxf2 {[%clk 0:56:56]} 23. Kxf2
{[%clk 0:41:57]} Qf6 {[%clk 0:56:48]} 24. Kg2 {[%clk 0:41:13]} Re7 {[%clk
0:57:08]} 25. Rf2 {[%clk 0:41:18]} Rae8 {[%clk 0:57:11]} 26. Re2 {[%clk
0:41:42]} Rxe2+ {[%clk 0:56:53]} 27. Bxe2 {[%clk 0:42:06]} g6 {[%clk 0:56:55]}
28. Qf3 {[%clk 0:35:15]} Bd4 {[%clk 0:50:32]} 29. Bd3 {[%clk 0:27:00]} Re3
{[%clk 0:50:34]} 30. Qf1 {[%clk 0:27:23]} Qe7 {[%clk 0:49:49]} 31. Kh2 {[%clk
0:21:40]} Bc3 {[%clk 0:49:18]} 32. Qf2 {[%clk 0:21:45]} Be1 {[%clk 0:49:32]}
33. Rxe1 {[%clk 0:21:15]} Rxe1 {[%clk 0:49:57]} 34. Kg2 {[%clk 0:21:05]} Kg7
35. Kh2 {[%clk 0:19:04]} Ra1 {[%clk 0:42:16]} 36. Kg2 {[%clk 0:19:01]} Qf6
{[%clk 0:42:31]} 37. Qe3 {[%clk 0:15:37]} Qc3 {[%clk 0:42:41]} 38. f5 {[%clk
0:15:21]} Re1 {[%clk 0:37:51]} 39. Qf4 {[%clk 0:15:02]} Qe5 {[%clk 0:37:17]}
40. Qxe5+ {[%clk 0:14:57]} Rxe5 {[%clk 0:37:42]} 41. fxg6 {[%clk 0:15:22]} fxg6
{[%clk 0:37:49]} 42. Bc4 {[%clk 0:15:46]} Re4 {[%clk 0:37:19]} 43. h4 {[%clk
0:15:59]} Kf6 {[%clk 0:37:40]} 44. Kf3 {[%clk 0:16:15]} Rd4 {[%clk 0:38:04]}
45. Ke3 {[%clk 0:16:23]} h6 {[%clk 0:38:14]} 0-1

[Event "Deutsche Ländermeisterschaft 2019"]
[Site "Würzburg GER"]
[Date "2019.10.05"]
[Round "6"]
[White "Krastev, Alexander"]
[Black "Mätzkow, Maximilian Paul"]
[Result "1-0"]
[Termination "normal"]
[Board "6.2"]
[WhiteTitle "FM"]
[BlackTitle "FM"]
[WhiteElo "2343"]
[BlackElo "2287"]
[WhiteClock "00:26:31"]
[BlackClock "00:35:47"]
[WhiteTeam "Hessen"]
[BlackTeam "SG Brandenburg / Berlin"]
[PlyCount "83"]
[WhiteFideId "12989983"]
[BlackFideId "24679933"]
[EventCountry "GER"]
[EventRounds "7"]
[EventType "team-swiss"]
[EventDate "2019.10.01"]

1. e4 {[%clk 1:30:58]} e6 {[%clk 1:30:44]} 2. Nc3 {[%clk 1:30:40]} d5 {[%clk
1:30:47]} 3. Nf3 {[%clk 1:31:05]} Nf6 {[%clk 1:27:08]} 4. e5 {[%clk 1:31:28]}
Nfd7 {[%clk 1:27:28]} 5. d4 {[%clk 1:31:53]} c5 {[%clk 1:25:58]} 6. dxc5 {[%clk
1:32:15]} Nxc5 {[%clk 1:21:46]} 7. Bf4 {[%clk 1:32:30]} Nc6 {[%clk 1:20:54]} 8.
Bd3 {[%clk 1:32:54]} Be7 {[%clk 1:20:46]} 9. h4 {[%clk 1:33:18]} a6 {[%clk
1:16:20]} 10. h5 {[%clk 1:33:42]} b5 {[%clk 1:13:29]} 11. Rh3 {[%clk 1:24:38]}
Bb7 {[%clk 1:00:55]} 12. Ne2 {[%clk 1:15:00]} Qc7 {[%clk 0:47:02]} 13. Ned4
{[%clk 1:02:20]} O-O-O {[%clk 0:46:37]} 14. Kf1 {[%clk 1:00:15]} Nxd4 {[%clk
0:37:16]} 15. Nxd4 {[%clk 0:58:56]} g5 {[%clk 0:37:43]} 16. Bh2 {[%clk
0:56:34]} Kb8 {[%clk 0:35:51]} 17. Kg1 {[%clk 0:46:05]} Qb6 {[%clk 0:35:29]}
18. c3 {[%clk 0:44:34]} Ka8 {[%clk 0:34:04]} 19. Bc2 {[%clk 0:33:43]} f5 {[%clk
0:32:03]} 20. g4 {[%clk 0:31:00]} f4 {[%clk 0:29:55]} 21. f3 {[%clk 0:26:53]}
Nd7 {[%clk 0:28:42]} 22. Qe2 {[%clk 0:25:55]} Bc5 {[%clk 0:28:42]} 23. Kh1
{[%clk 0:21:35]} Bxd4 {[%clk 0:28:30]} 24. cxd4 {[%clk 0:22:00]} Qxd4 {[%clk
0:28:35]} 25. Bg1 {[%clk 0:22:22]} Qxe5 {[%clk 0:28:58]} 26. Qxe5 {[%clk
0:22:27]} Nxe5 {[%clk 0:29:24]} 27. Bd4 {[%clk 0:22:54]} Nc4 {[%clk 0:29:42]}
28. Bxh8 {[%clk 0:21:40]} Rxh8 {[%clk 0:29:57]} 29. h6 {[%clk 0:22:06]} Ne3
{[%clk 0:27:32]} 30. Bb3 {[%clk 0:14:11]} e5 {[%clk 0:24:53]} 31. Rh5 {[%clk
0:13:52]} Rg8 {[%clk 0:21:12]} 32. Rc1 {[%clk 0:14:02]} Kb8 {[%clk 0:21:36]}
33. Rc5 {[%clk 0:13:57]} Rg6 {[%clk 0:19:42]} 34. Kg1 {[%clk 0:12:56]} Bc6
{[%clk 0:18:49]} 35. a3 {[%clk 0:13:09]} Kc7 {[%clk 0:18:38]} 36. Ba2 {[%clk
0:13:36]} Kd6 {[%clk 0:18:32]} 37. Rxc6+ {[%clk 0:11:11]} Kxc6 {[%clk 0:18:51]}
38. Bb1 {[%clk 0:11:38]} e4 {[%clk 0:16:00]} 39. fxe4 {[%clk 0:12:01]} Rf6
{[%clk 0:13:30]} 40. e5 {[%clk 0:00:36]} Re6 {[%clk 0:07:53]} 41. Bxh7 {[%clk
0:26:50]} Nxg4 {[%clk 0:35:47]} 42. Bf5 {[%clk 0:26:31]} 1-0

[Event "Deutsche Ländermeisterschaft 2019"]
[Site "Würzburg GER"]
[Date "2019.10.05"]
[Round "6"]
[White "Tschernatsch, Johannes"]
[Black "Weber, Samuel"]
[Result "0-1"]
[Termination "normal"]
[Board "6.3"]
[WhiteElo "2132"]
[BlackElo "2288"]
[WhiteClock "00:27:28"]
[BlackClock "00:01:53"]
[WhiteTeam "SG Brandenburg / Berlin"]
[BlackTeam "Hessen"]
[PlyCount "134"]
[WhiteFideId "16223977"]
[BlackFideId "12924008"]
[EventCountry "GER"]
[EventRounds "7"]
[EventType "team-swiss"]
[EventDate "2019.10.01"]

1. e4 {[%clk 1:30:58]} e5 {[%clk 1:30:19]} 2. Nf3 {[%clk 1:31:25]} Nc6 {[%clk
1:30:40]} 3. Bb5 {[%clk 1:31:51]} a6 {[%clk 1:30:15]} 4. Ba4 {[%clk 1:32:17]}
Nf6 {[%clk 1:30:39]} 5. O-O {[%clk 1:32:43]} Be7 {[%clk 1:31:06]} 6. Re1 {[%clk
1:33:10]} b5 {[%clk 1:31:30]} 7. Bb3 {[%clk 1:33:37]} d6 {[%clk 1:31:52]} 8. c3
{[%clk 1:33:53]} O-O {[%clk 1:32:17]} 9. h3 {[%clk 1:34:17]} Nb8 {[%clk
1:32:44]} 10. d3 {[%clk 1:28:52]} Nbd7 {[%clk 1:32:14]} 11. a4 {[%clk 1:28:07]}
Bb7 {[%clk 1:32:13]} 12. axb5 {[%clk 1:26:18]} axb5 {[%clk 1:32:14]} 13. Rxa8
{[%clk 1:26:44]} Bxa8 {[%clk 1:28:36]} 14. Nbd2 {[%clk 1:23:44]} Re8 {[%clk
1:24:21]} 15. Nf1 {[%clk 1:16:12]} Bf8 {[%clk 1:22:05]} 16. Ng3 {[%clk
1:16:28]} g6 {[%clk 1:20:38]} 17. Be3 {[%clk 1:10:08]} c5 {[%clk 1:17:46]} 18.
Qd2 {[%clk 1:09:27]} d5 {[%clk 0:56:52]} 19. exd5 {[%clk 1:05:11]} Bxd5 {[%clk
0:50:54]} 20. Bxd5 {[%clk 1:04:04]} Nxd5 {[%clk 0:50:35]} 21. Bh6 {[%clk
1:03:52]} f6 {[%clk 0:44:03]} 22. h4 {[%clk 1:02:32]} Re7 {[%clk 0:37:42]} 23.
h5 {[%clk 0:58:47]} Bxh6 {[%clk 0:37:36]} 24. Qxh6 {[%clk 0:59:11]} Qf8 {[%clk
0:37:59]} 25. Qxf8+ {[%clk 0:58:44]} Kxf8 {[%clk 0:35:48]} 26. hxg6 {[%clk
0:57:06]} hxg6 {[%clk 0:34:21]} 27. Ne4 {[%clk 0:54:20]} f5 {[%clk 0:28:47]}
28. Nd6 {[%clk 0:53:37]} b4 {[%clk 0:28:52]} 29. cxb4 {[%clk 0:51:08]} Nxb4
{[%clk 0:29:02]} 30. Rd1 {[%clk 0:50:29]} Kg7 {[%clk 0:25:11]} 31. Kf1 {[%clk
0:48:58]} Kf6 {[%clk 0:18:48]} 32. Ke2 {[%clk 0:48:38]} Re6 {[%clk 0:18:26]}
33. Nc4 {[%clk 0:47:52]} Nb8 {[%clk 0:17:33]} 34. Nfd2 {[%clk 0:45:32]} N8c6
{[%clk 0:14:36]} 35. Nb3 {[%clk 0:44:53]} Nd4+ {[%clk 0:12:18]} 36. Nxd4 {[%clk
0:45:16]} cxd4 {[%clk 0:10:41]} 37. f3 {[%clk 0:42:58]} Rc6 {[%clk 0:08:50]}
38. Rc1 {[%clk 0:41:00]} Nd5 {[%clk 0:07:17]} 39. g3 {[%clk 0:40:47]} Rc7
{[%clk 0:07:43]} 40. Kd2 {[%clk 0:37:33]} Nb4 {[%clk 0:05:16]} 41. Re1 {[%clk
0:36:39]} Rc5 {[%clk 0:01:03]} 42. Re2 {[%clk 0:35:46]} g5 {[%clk 0:26:17]} 43.
g4 {[%clk 1:03:40]} fxg4 {[%clk 0:23:34]} 44. fxg4 {[%clk 1:03:59]} Ke6 45. Re1
{[%clk 1:03:28]} Nc6 {[%clk 0:23:51]} 46. Re2 {[%clk 0:57:46]} Rb5 {[%clk
0:23:55]} 47. Rh2 {[%clk 0:57:01]} Na5 {[%clk 0:21:16]} 48. Kc2 {[%clk
0:57:05]} Nxc4 {[%clk 0:20:49]} 49. dxc4 {[%clk 0:57:30]} Rb4 {[%clk 0:21:05]}
50. Rh6+ {[%clk 0:56:13]} Kd7 {[%clk 0:21:20]} 51. Kd3 {[%clk 0:52:21]} Rxb2
{[%clk 0:20:53]} 52. Rg6 {[%clk 0:50:00]} Rb3+ {[%clk 0:18:46]} 53. Ke4 {[%clk
0:46:37]} Re3+ {[%clk 0:17:45]} 54. Kd5 {[%clk 0:47:03]} Kc7 {[%clk 0:11:16]}
55. Rg7+ {[%clk 0:40:57]} Kb6 56. c5+ {[%clk 0:41:17]} Ka6 {[%clk 0:08:29]} 57.
Kc6 {[%clk 0:37:25]} d3 {[%clk 0:05:44]} 58. Rg8 {[%clk 0:36:31]} Ka5 {[%clk
0:03:58]} 59. Ra8+ {[%clk 0:35:44]} Kb4 {[%clk 0:04:23]} 60. Kb6 {[%clk
0:34:40]} Rh3 {[%clk 0:03:06]} 61. c6 {[%clk 0:34:16]} Rh6 {[%clk 0:02:37]} 62.
Kb7 {[%clk 0:33:44]} Rh7+ {[%clk 0:02:38]} 63. c7 {[%clk 0:34:05]} d2 {[%clk
0:02:17]} 64. Rd8 {[%clk 0:31:49]} Kc3 {[%clk 0:02:40]} 65. Rd6 {[%clk
0:27:33]} e4 {[%clk 0:02:08]} 66. Rc6+ {[%clk 0:27:37]} Kd3 {[%clk 0:02:30]}
67. Rh6 {[%clk 0:27:28]} Rxc7+ {[%clk 0:01:53]} 0-1

[Event "Deutsche Ländermeisterschaft 2019"]
[Site "Würzburg GER"]
[Date "2019.10.05"]
[Round "6"]
[White "Yaghi, Rita"]
[Black "Grabs, Peter"]
[Result "1/2-1/2"]
[Termination "normal"]
[Board "6.6"]
[BlackTitle "CM"]
[WhiteElo "1973"]
[BlackElo "1592"]
[WhiteClock "00:01:22"]
[BlackClock "00:01:22"]
[WhiteTeam "Hessen"]
[BlackTeam "SG Brandenburg / Berlin"]
[PlyCount "118"]
[WhiteFideId "7603266"]
[BlackFideId "16203887"]
[EventCountry "GER"]
[EventRounds "7"]
[EventType "team-swiss"]
[EventDate "2019.10.01"]

1. e4 {[%clk 1:30:46]} e6 {[%clk 1:30:55]} 2. d4 {[%clk 1:31:09]} d5 {[%clk
1:31:21]} 3. Nc3 {[%clk 1:31:33]} Bb4 {[%clk 1:31:47]} 4. a3 {[%clk 1:31:58]}
Bxc3+ {[%clk 1:32:13]} 5. bxc3 {[%clk 1:32:23]} dxe4 {[%clk 1:32:40]} 6. Qg4
{[%clk 1:32:46]} Nf6 {[%clk 1:33:05]} 7. Qxg7 {[%clk 1:33:10]} Rg8 {[%clk
1:33:34]} 8. Qh6 {[%clk 1:33:31]} Rg6 {[%clk 1:34:01]} 9. Qe3 {[%clk 1:31:50]}
Nc6 {[%clk 1:32:26]} 10. Ne2 {[%clk 1:31:19]} Ne7 {[%clk 1:31:59]} 11. Ng3
{[%clk 1:29:30]} Ned5 {[%clk 1:32:05]} 12. Qd2 {[%clk 1:29:46]} b6 {[%clk
1:22:32]} 13. c4 {[%clk 1:28:23]} Ne7 {[%clk 1:22:07]} 14. Be2 {[%clk 1:28:26]}
Bb7 {[%clk 1:18:31]} 15. Qc3 {[%clk 1:17:50]} Qd7 {[%clk 1:06:39]} 16. Bb2
{[%clk 1:12:53]} O-O-O {[%clk 0:57:28]} 17. a4 {[%clk 1:09:59]} Nc6 {[%clk
0:54:13]} 18. Rd1 {[%clk 1:07:23]} Na5 {[%clk 0:52:37]} 19. Qa3 {[%clk
0:58:31]} Ba6 {[%clk 0:51:20]} 20. Qb4 {[%clk 0:44:35]} Nc6 {[%clk 0:49:34]}
21. Qc3 {[%clk 0:40:55]} Na5 {[%clk 0:49:40]} 22. Qb4 {[%clk 0:32:40]} Nc6
{[%clk 0:49:51]} 23. Qa3 {[%clk 0:33:05]} Na5 {[%clk 0:49:39]} 24. Qa2 {[%clk
0:33:16]} Qc6 {[%clk 0:44:33]} 25. d5 {[%clk 0:27:47]} Bxc4 {[%clk 0:42:21]}
26. dxc6 {[%clk 0:26:30]} Rxd1+ {[%clk 0:42:18]} 27. Kxd1 {[%clk 0:26:47]} Bxa2
{[%clk 0:42:34]} 28. h4 {[%clk 0:25:16]} Ng4 {[%clk 0:25:03]} 29. Rf1 {[%clk
0:19:53]} e3 {[%clk 0:22:19]} 30. Ne4 {[%clk 0:14:21]} exf2 {[%clk 0:18:13]}
31. h5 {[%clk 0:14:08]} Ne3+ {[%clk 0:17:59]} 32. Kc1 {[%clk 0:14:11]} Rxg2
{[%clk 0:18:08]} 33. Rxf2 {[%clk 0:14:02]} Rxf2 {[%clk 0:17:28]} 34. Nxf2
{[%clk 0:14:30]} Nxc6 {[%clk 0:15:20]} 35. Ne4 {[%clk 0:14:47]} f5 {[%clk
0:02:05]} 36. Nf6 {[%clk 0:11:44]} h6 {[%clk 0:02:24]} 37. Ng8 {[%clk 0:12:03]}
Ng4 {[%clk 0:02:33]} 38. Bg7 {[%clk 0:12:25]} e5 {[%clk 0:02:10]} 39. Nxh6
{[%clk 0:12:47]} Nxh6 {[%clk 0:02:30]} 40. Bxh6 {[%clk 0:13:16]} Nd4 {[%clk
0:01:33]} 41. Ba6+ {[%clk 0:13:38]} Kd7 {[%clk 0:01:35]} 42. Bg7 {[%clk
0:14:03]} Bg8 {[%clk 0:23:28]} 43. Bxe5 {[%clk 0:44:17]} Nf3 {[%clk 0:20:36]}
44. Bf4 {[%clk 0:44:22]} Bf7 {[%clk 0:19:48]} 45. h6 {[%clk 0:44:35]} Bg6
{[%clk 0:19:55]} 46. c3 {[%clk 0:38:20]} Bh7 {[%clk 0:19:24]} 47. Bb5+ {[%clk
0:37:00]} Kc8 {[%clk 0:10:46]} 48. Be2 {[%clk 0:15:10]} Nh4 {[%clk 0:09:05]}
49. Kd2 {[%clk 0:15:29]} Ng6 {[%clk 0:08:55]} 50. Bg5 {[%clk 0:14:28]} Ne5
{[%clk 0:08:05]} 51. Ke3 {[%clk 0:14:35]} Nf7 {[%clk 0:07:26]} 52. Bf4 {[%clk
0:14:40]} Kd7 {[%clk 0:07:01]} 53. Kd4 {[%clk 0:11:55]} c6 {[%clk 0:03:47]} 54.
Bh5 {[%clk 0:10:40]} Ke6 {[%clk 0:01:50]} 55. Bf3 {[%clk 0:06:38]} c5+ {[%clk
0:02:06]} 56. Ke3 {[%clk 0:05:22]} Ne5 {[%clk 0:02:08]} 57. Be2 {[%clk
0:03:01]} Kd5 {[%clk 0:01:43]} 58. Bb5 {[%clk 0:02:28]} Ng4+ {[%clk 0:01:15]}
59. Kd3 {[%clk 0:01:22]} Ne5+ {[%clk 0:01:22]} 1/2-1/2

[Event "Deutsche Ländermeisterschaft 2019"]
[Site "Würzburg GER"]
[Date "2019.10.05"]
[Round "6"]
[White "Weihrauch, Jakob"]
[Black "Färber, David"]
[Result "1/2-1/2"]
[Termination "normal"]
[Board "7.1"]
[WhiteElo "2167"]
[BlackElo "2332"]
[WhiteClock "00:59:26"]
[BlackClock "00:52:18"]
[WhiteTeam "SG Hamburg/Schleswig-Holstein"]
[BlackTeam "Baden 2"]
[PlyCount "43"]
[WhiteFideId "16210115"]
[BlackFideId "12971294"]
[EventCountry "GER"]
[EventRounds "7"]
[EventType "team-swiss"]
[EventDate "2019.10.01"]

1. e4 {[%clk 1:30:57]} c5 {[%clk 1:30:32]} 2. Nf3 {[%clk 1:31:21]} Nc6 {[%clk
1:30:56]} 3. d4 {[%clk 1:31:36]} cxd4 {[%clk 1:31:19]} 4. Nxd4 {[%clk 1:32:03]}
e6 {[%clk 1:31:13]} 5. Nb5 {[%clk 1:32:04]} d6 {[%clk 1:31:15]} 6. c4 {[%clk
1:32:29]} Nf6 {[%clk 1:31:29]} 7. N1c3 {[%clk 1:32:54]} a6 {[%clk 1:31:35]} 8.
Na3 {[%clk 1:33:20]} Be7 {[%clk 1:31:57]} 9. Be2 {[%clk 1:33:42]} O-O {[%clk
1:32:16]} 10. O-O {[%clk 1:33:48]} b6 {[%clk 1:31:51]} 11. Be3 {[%clk 1:34:06]}
Bb7 {[%clk 1:31:57]} 12. f4 {[%clk 1:34:03]} d5 {[%clk 1:24:07]} 13. cxd5
{[%clk 1:27:32]} exd5 {[%clk 1:24:29]} 14. Nxd5 {[%clk 1:26:15]} Nxd5 {[%clk
1:17:53]} 15. Qxd5 {[%clk 1:26:05]} Qxd5 {[%clk 1:17:24]} 16. exd5 {[%clk
1:26:28]} Nb4 {[%clk 1:17:48]} 17. Bxb6 {[%clk 1:23:15]} Bxd5 {[%clk 1:15:05]}
18. Bf3 {[%clk 1:20:08]} Bxf3 19. Rxf3 {[%clk 1:20:25]} Bf6 {[%clk 1:03:58]}
20. Bc5 {[%clk 1:01:54]} Rfb8 {[%clk 1:01:10]} 21. Bd6 {[%clk 1:00:36]} Rb6
{[%clk 0:52:18]} 22. Be5 {[%clk 0:59:26]} 1/2-1/2